000 01370 a2200253 4500
001 49830
005 20260407155759.0
008 260407a2003 arg spa d
003 AR-UNSa-BCEJYS
040 _aAR-UNSa-BCEJYS
_bspa
_cAR-UNSa-BCEJYS
080 _a316.421:339.9
_xOrigen de las sociedades globales y estructura social, económico, político y cultural (Globalización)
245 1 0 _aLos felices 90
_pla semilla de la destrucción
020 _a950-511-903-8
264 1 _aBuenos Aires :
_bTaurus
_c2003
300 _a415 p.
_c24 cm.
505 _a1. Prosperidad y crisis – 2. ¿Prosperidad milagrosa o aciertos involuntarios? – 3. La omnipotente Reserva Federal y su papel en el crecimiento de la burbuja – 4. Una desregulación desenfrenada – 5. Contabilidad creativa – 6. Los bancos y la burbuja – 7. Rebajas impositivas: Aire para la burbuja – 8. El riesgo como modo de vida – 9. La globalización: primeras incursiones – 10. Enron – 11. Desmontar los mitos – 12. Hacia un nuevo idealismo democrático: visión y valores.
041 _aspa
942 _cBK
590 _aniveau_biblio:m niveau_hierar:0
100 1 _aStiglitz, Joseph E.
700 1 _aGordo del Rey, Victoria
700 1 _aRamírez Trapero, Moisés
856 4 1 _uhttps://www.biblioeco.unsa.edu.ar/pmb/images/libros/L128208.jpg
_yImagen de portada
_qimage/jpeg
999 _c4901
_d4901